| 000 | 02034cam a22004814i 4500 | ||
|---|---|---|---|
| 003 | PE-LiUPU | ||
| 005 | 20250731172724.0 | ||
| 008 | 150617s r 000 0 d | ||
| 035 | _a(Sirsi) a11157 | ||
| 040 |
_aPE-LiUPU _bspa _cPE-LiUPU _erda |
||
| 049 | _aPRUA | ||
| 082 | 0 | 4 |
_a242.1 _bB94 _221 |
| 100 | 1 |
_aBurghi, Juan, _eautor. |
|
| 245 | 1 | 0 |
_aDe las Palabras Eternas y Estampas Bíblicas / _cJuan Burghi. |
| 264 | 1 |
_aBuenos Aires : _bIglesia Evangelica Luterana Unida, _c1956. |
|
| 300 |
_a75 páginas ; _c23 cm. |
||
| 336 |
_atext _2rdacontent |
||
| 337 |
_aunmediated _2rdamedia |
||
| 338 |
_avolume _2rdacarrier |
||
| 505 | 0 | _aDios en el alba -- Abraham -- Moises -- Jesús -- Jesús y un esclavo -- La transfiguración -- En la ultima cena -- Gethsemaní -- La cruz -- La resurrección -- María -- Juan el Bautista -- Sam Pablo -- María Magdalena -- La samaritana -- Jose de Arimatea -- Marñia de cleofás -- Nicodemo -- El buen samaritano -- El cireneo -- Invocación a Jesús. | |
| 526 | _aSEG42 | ||
| 526 | _aSEG41 | ||
| 526 | _aSEG40 | ||
| 526 | _aSEG39 | ||
| 526 | _aP94 | ||
| 526 | _aP87 | ||
| 526 | _aP86 | ||
| 526 | _aP85 | ||
| 526 | _aP77 | ||
| 526 | _aP76 | ||
| 526 | _aP35 | ||
| 650 | 0 | 4 | _aMEDITACIONES CRISTIANAS. |
| 910 |
_ajck _bjvq _cjck _d20150616 |
||
| 942 |
_2ddc _cBOOK |
||
| 949 |
_a242.1 B94 _wDEWEY _c1 _i08904 _lCCODEBUL1 _mBUL _p00.00 _r0 _sY _tBOOK _u19810511 _xTEOLOGIA _PP35 _0COMPRA _o.STAFF. Colección General |
||
| 949 |
_a242.1 B94 _wDEWEY _c2 _i06792 _lCCODEBUL1 _mBUL _p00.00 _r0 _sY _tBOOK _u19810511 _xTEOLOGIA _PP35 _0COMPRA _o.STAFF. Colección General |
||
| 994 |
_aC0 _bPEPRU |
||
| 596 | _a1 | ||
| 999 |
_a242.1 B94 _wDEWEY _c1278 _i08904 _f2021-11-11 _g5 _lCCODEBUL1 _mBUL _r0 _sY _tBOOK _u2015-6-17 _xTEOLOGIA _PP35 _0COMPRA _o.STAFF. Colección General _d1278 |
||
| 999 |
_a242.1 B94 _wDEWEY _c2 _i06792 _f2019-12-9 _g4 _lCCODEBUL1 _mBUL _r0 _sY _tBOOK _u2015-6-17 _xTEOLOGIA _PP35 _0COMPRA _o.STAFF. Colección General |
||
| 980 |
_81 _gALBERTO SANCHEZ Responsable de Automatización |
||